000 00904nam a22002297a 4500
999 _c19224
_d19224
003 AR-CdUCM
008 190319b ||||| |||| 00| 0 spa d
040 _aMUNICIPALIDAD PROVINCIAL DEL CUSCO
_cBIBLIOTECA MUNICIPAL DEL CUSCO
082 _a985.01 /
_bV18
100 _aValcárcel , Luis E.
_9628
245 _aHistoria del Perú antiguo /
260 _aLima :
_bJuan Mejia Baca,
_c1964.
300 _a860 páginas ;
_bIlustraciones,
_c23 cm.
505 _aContenido: t.3. La historia de los incas en las versiones de Cieza, Sarmiento, Garcilaso y Cobo -- La historia de los reyes incas en otras fuentes -- Nóminas de los reyes incas -- Reyes, reinas y clanes imperiales.
650 _aCronistas
_91200
650 _aVida y costumbres sociales
_9857
650 _aÉpoca Prehispánica
_92714
650 _aHistoria
_9136
650 _aPerú
_935
942 _2ddc
_cLIBROS
945 _aacv
_d2019-05-16